LEADER 00954nam a2200241 i 4500 001 000000107224 003 CaOOAMICUS 005 20101118000000.0 008 101118s1952 it u000 u ita u 013 $a79447 040 $aSeMil$bita 100 1 $aPalazzini, Pietro,$c.$0(OLS)http://semarc/name/3476 245 10$aIndissolubilità del matrimonio /$cPietro Palazzini. 260 $aRoma :$bStudium,$cimprim. 1952. 300 $a158 p. ;$c20 cm. 490 0 $aProfili e sintesi ;$v2 650 4$aMatrimonio - Indissolubilità.$0(OLS)http://semarc/subject/6652 830 0$aProfili e sintesi ;$v2.$0(OLS)http://semarc/title/6857 850 $aSeMil 852 $aSeMil$W1$xVenegono$y1$m2J I 191$j63320$B63320$CSeMilBibl$Z2$F158302 $81 961 $aLascito: Calcaterra don Carlo 996 $6245$aIndissolubilità del matrimonio$9(OLS)http://semarc/title/155547 996 $6260$aRoma :$bStudium$9(OLS)http://semarc/publisher/29617 LEADER 01145nam a2200253 i 4500 001 000000060559 003 CaOOAMICUS 005 20251022161443.0 008 030228s1945 it u000 u ita u 040 $aSeMil$bita 100 1 $aMarchetta, Benedetto.$0(OLS)http://semarc/name/30007 245 13$aLa materia e la forma del Battesimo nella Chiesa di S. Ambrogio /$cBenedetto Marchetta. 260 $aRoma :$bArti Grafiche «S. Barbara» di Ugo Pinnarò,$c1945. 300 $aXIII, 190 p. ;$c24 cm. 500 $aIn testa al front. : Pontificia Università Gregoriana 650 4$aBattesimo - Liturgia - Commenti e studi.$0(OLS)http://semarc/subject/7067 650 4$aBattesimo - Storia.$0(OLS)http://semarc/subject/800 850 $aSeMil 852 $aSeMil$W1$xVenegono$y1$m3K III 48$j263687$B26712$CSeMilBibl$Z2$F26715 $81 941 1 $a4 961 $aOmaggio: Martini Card. Carlo Maria 996 $6245$aLa materia e la forma del Battesimo nella Chiesa di S. Ambrogio$9(OLS)http://semarc/title/94945 996 $6260$aRoma :$bArti Grafiche «S. Barbara» di Ugo Pinnarò$9(OLS)http://semarc/publisher/42209